000 01277nam a2200217 a 4500
001 000046165
005 20240318114638.0
008 150630s1985 dr a 000 0 spa d
040 _aDO-SdBNP
_bspa
_cBNPHU
082 _axxxx
_bxxxx
245 0 0 _aManual de educación sexual /
_cSandra Best... [et. al.].
260 _aSanto Domingo :
_bPROFAMILIA,
_c1985.
300 _a114 p. :
_bil. ;
_c28 cm.
505 0 _aRecomendaciones sobre docencia en el uso del manual de educación sexual --
_tMedios de comunicación social y sexualidad --
_tMitos y tabúes sobre la sexualidad humana --
_tImportancia de la educación sexual --
_tAnatomía y fisiología de los órganos sexuales --
_tDesarrollo psicosexual del adolescentes --
_tLa identificación sexual del adolescente -
_tLas relaciones del adolescentes --
_tEnfermedades sexualmente transmisibles --
_tLa prostitución --
_tLos métodos anticonceptivos --
_tEl aborto --
_tComportamiento sexual humano --
_tRoles del hombre y la mujer en la sociedad.
700 1 2 _aBest, Sandra
_956719
700 1 2 _aÁlvarez, Rosa Rita
_974206
700 1 2 _aMota Álvarez, Denis,
_d1952-
_911007
700 1 2 _aEstrtrella García, Octavio
_974207
700 1 2 _aCordero, Milton
_956720
710 2 _aAsociación Dominicana Pro Bienestar de la Familia
_956602
999 _c45654
_d45654